Ένας άνδρας με τα όλα του
Αποθηκεύτηκε σε:
| Κύριος συγγραφέας: | |
|---|---|
| Άλλοι συγγραφείς: | |
| Μορφή: | Βιβλίο |
| Γλώσσα: | Greek English |
| Δημοσίευση: |
Αθήνα :
Ωκεανίδα,
1999.
|
| Θέματα: | |
| Ετικέτες: |
Προσθήκη ετικέτας
Δεν υπάρχουν, Καταχωρήστε ετικέτα πρώτοι!
|
MARC
| LEADER | 00000cam a2200000 i 4500 | ||
|---|---|---|---|
| 001 | 1/2238 | ||
| 008 | 000424s1999 gr | ||| |||| ||gre|| | ||
| 020 | |a 9604101218 (set) | ||
| 020 | |a 9604101226 (τ.1) | ||
| 020 | |a 9604101234 (τ.2) | ||
| 035 | |l 10060330 | ||
| 040 | |a GR-MyUA |b gre |e AACR2 | ||
| 041 | 1 | |a gre |h eng | |
| 082 | 0 | |a 813.54 | |
| 100 | 1 | |a Wolfe, Tom. | |
| 245 | 1 | 0 | |a Ένας άνδρας με τα όλα του / |c Τομ Γουλφ ; μετάφραση Έφη Καλλιφατίδη. |
| 260 | |a Αθήνα : |b Ωκεανίδα, |c 1999. | ||
| 300 | |a 2 τ. ; |c 20 εκ. | ||
| 500 | |a Τίτλος πρωτοτύπου: A man in full. | ||
| 650 | 0 | 0 | |a Conglomerate corporations |z Georgia |z Atlanta |x Fistion. |
| 650 | 0 | 0 | |a Acquaintance rape |z Georgia |z Atlanta |x Fiction. |
| 650 | 0 | 0 | |a African American lawyers |z Georgia |z Atlanta |x Fiction. |
| 650 | 0 | 0 | |a Politics, Practical |x Fiction. |
| 650 | 0 | 0 | |a Political corruption |x Fiction. |
| 700 | 1 | |a Καλλιφατίδη, Έφη, |e trlf | |
| 852 | |a INST |b CHIOS |e 20000905 |h 813.54 WOL |p 005200018961 |q 005200018961 |t BK |y 0 |z τ.1 | ||
| 852 | |a INST |b CHIOS |e 20000905 |h 813.54 WOL |p 005200018962 |q 005200018962 |t BK |y 0 |z τ.2 | ||
| 852 | |a INST |b CHIOS |e 20000905 |h 813.54 WOL |p 005200018961 |q 005200018961 |t BK |v τ.1: |y 0 |z τ.1 | ||
| 852 | |a INST |b CHIOS |e 20000905 |h 813.54 WOL |p 005200018962 |q 005200018962 |t BK |v τ.2: |y 0 |z τ.2 | ||
| 852 | |a INST |b LESVOS |e 20000424 |h 813.54 WOL |p 005100020172 |q 005100020172 |t BK |y 0 |z τ.2 | ||
| 852 | |a INST |b LESVOS |e 20000424 |h 813.54 WOL |p 005100020173 |q 005100020173 |t BK |y 0 |z τ.1 | ||
| 852 | |a INST |b LESVOS |e 20000424 |h 813.54 WOL |p 005100020172 |q 005100020172 |t BK |v τ.2: |y 0 |z τ.2 | ||
| 852 | |a INST |b LESVOS |e 20000424 |h 813.54 WOL |p 005100020173 |q 005100020173 |t BK |v τ.1: |y 0 |z τ.1 | ||
| 853 | |a INST |b CHIOS |h 813.54 WOL | ||
| 853 | |a INST |b LESVOS |h 813.54 WOL | ||
| 901 | |a BIBL1-2000-1 | ||
| 901 | |a BIBL2-2000-2 | ||
| 909 | |a Λ |b 073962 | ||
| 909 | |a Χ |b 073953 | ||
| 909 | |a Χ |b 073954 | ||
| 922 | |a 1ΕΛΗ |b 200001 |c ΤΑΚ/ΚΥΒ |d ΠΑΠΑΣΩΤΗΡΙΟΥ | ||
| 922 | |a 2ΕΛΗ |b 200001 |c ΒΙΒΛΙΟΘΗΚΗ |d ΠΑΠΑΣΩΤΗΡΙΟΥ | ||
| 950 | |a 023-1999-12-06 | ||
| 970 | |a ΚΑΜΑΤΣΟΥ |b ΔΕΣΠΟΙΝΑ |z 2000/04/25 | ||
| 970 | |z 2000/09/LITSA | ||